000 01274nmc a2200409 a 4500
003 AR-BaBNM
005 20251128204130.0
008 305119s1984 ||||||||||||||000 | spa||
020 _a950-25-0148-9
040 _cAR-BaBNM
245 1 0 _aConflictos de límites
_bconflictos hispanoportugueses en el Plata, 1750-1777
260 _aBuenos Aires
_bCentro Editor de América Latina
_c1984
300 _a93 p.
490 0 _aHistoria testimonial Argentina: Documentos vivos de nuestro pasado
_vv. 28
504 _aBibliografía en p.19
600 1 4 _aCevallos, Pedro de
_d1776-1778
650 4 _aHISTORIA ARGENTINA
650 4 _aTRATADO DE LIMITES DE 1750
650 4 _aTRATADO DE SAN ILDEFONSO
650 4 _aEXPULSION DE LOS JESUITAS
650 4 _aVIRREINATO DEL RIO DE LA PLATA
650 4 _aTRATADOS INTERNACIONALES
650 4 _aHISTORIA
650 4 _aRELACIONES INTERNACIONALES
650 4 _aDOCUMENTOS
650 4 _aMATERIAL FUENTE
651 4 _aReino Unido
651 4 _aPortugal
651 4 _aEspaña
651 4 _aColonia del Sacramento
653 0 _aCONFLICTOS LIMITROFES
700 1 _aBiasi, Susana
_ecompilador
800 1 _aBertoni, Lilia Ana
_edirector
800 1 _aRomero, Luis Alberto
_edirector
942 _cBK
998 _cMarce
999 _c6300
_d6300